000 00390nam a2200181Ia 4500
008 090123s9999 xx 000 0 und d
082 _b39625
100 _aKOONTZ DEAN
245 _aNIGHT CHILLS
250 _a0
260 _bBERKLEY BOOKS
300 _a367
600 _aKOONTZ DEAN
630 _aNIGHT CHILLS
700 _aKOONTZ DEAN
730 _aNIGHT CHILLS
942 _cBOOK
999 _c77696
_d77696